| 000 | 00404cam a2200157ua 4500 | ||
|---|---|---|---|
| 041 |
_aeng _h |
||
| 082 |
_a693.21 _bDAY/BR |
||
| 100 | _aDayaratnam, P . | ||
| 245 |
_aBrick and reinforced brick structures / _cP Dayaratnam. _hTextual Documents |
||
| 250 |
_a1 / _b. |
||
| 260 |
_aNewdelhi : _bOxford & IBH pub Pvt.LTD , _c1987. |
||
| 300 | _a180 ; . | ||
| 504 | _a | ||
| 942 | _cBK | ||
| 999 |
_c2704 _d2704 |
||